<?xml version="1.0" encoding="UTF-8"?>
<record
    xmlns:xsi="http://www.w3.org/2001/XMLSchema-instance"
    xsi:schemaLocation="http://www.loc.gov/MARC21/slim http://www.loc.gov/standards/marcxml/schema/MARC21slim.xsd"
    xmlns="http://www.loc.gov/MARC21/slim">

  <leader>01619cam a22003371  4500</leader>
  <controlfield tag="001">gs 39000125 </controlfield>
  <controlfield tag="003">DLC</controlfield>
  <controlfield tag="005">20260227111344.0</controlfield>
  <controlfield tag="008">850912s1938    mx ab         000 0 spa  </controlfield>
  <datafield tag="010" ind1=" " ind2=" ">
    <subfield code="a">gs 39000125 </subfield>
  </datafield>
  <datafield tag="035" ind1=" " ind2=" ">
    <subfield code="a">(OCoLC)14045533</subfield>
  </datafield>
  <datafield tag="040" ind1=" " ind2=" ">
    <subfield code="a">DLC</subfield>
    <subfield code="c">MnU</subfield>
    <subfield code="d">DLC</subfield>
  </datafield>
  <datafield tag="042" ind1=" " ind2=" ">
    <subfield code="a">premarc</subfield>
  </datafield>
  <datafield tag="043" ind1=" " ind2=" ">
    <subfield code="a">n-mx---</subfield>
  </datafield>
  <datafield tag="050" ind1="0" ind2="0">
    <subfield code="a">QE203.H3</subfield>
    <subfield code="b">M4</subfield>
  </datafield>
  <datafield tag="110" ind1="2" ind2=" ">
    <subfield code="a">Universidad Nacional de M&#xE9;xico.</subfield>
    <subfield code="b">Instituto de Geolog&#xED;a.</subfield>
  </datafield>
  <datafield tag="245" ind1="1" ind2="0">
    <subfield code="a">Memoria de la Comisi&#xF3;n geol&#xF3;gica del Valle del Mezquital, Hgo.</subfield>
  </datafield>
  <datafield tag="260" ind1=" " ind2=" ">
    <subfield code="a">M&#xE9;xico,</subfield>
    <subfield code="b">D.A.P.P.,</subfield>
    <subfield code="c">1938.</subfield>
  </datafield>
  <datafield tag="300" ind1=" " ind2=" ">
    <subfield code="a">xi, 239, [2] p., 1 .</subfield>
    <subfield code="b">incl. illus. (incl. plans) tables.  7 fold. maps (in separate envelope, laid in) diagrs. (1 fold.)</subfield>
    <subfield code="c">23cm.</subfield>
  </datafield>
  <datafield tag="500" ind1=" " ind2=" ">
    <subfield code="a">At head of title: Universidad nacional de M&#xE9;xico.  Instituto de geolog&#xED;a. Director del Instituto: Ing. Manuel Santill&#xE1;n.</subfield>
  </datafield>
  <datafield tag="505" ind1="0" ind2=" ">
    <subfield code="a">Fisiograf&#xED;a e hidrograf&#xED;a, por Luis Bl&#xE1;squez L.--Geolog&#xED;a, por Luis Bl&#xE1;squez L. (Paleontolog&#xED;a, por F. K. G. M&#xFC;llerried)--Hidrogeolog&#xED;a, por Luis Bl&#xE1;squez L.--Criaderos de minerales met&#xE1;licos, por T. Flores.--Yacimientos minerales no-met&#xE1;licos, por Ra&#xFA;l Lozano Garc&#xED;a.--Agrogeolog&#xED;a, por Rafael Ortiz Mena.</subfield>
  </datafield>
  <datafield tag="650" ind1=" " ind2="0">
    <subfield code="a">Geology</subfield>
    <subfield code="z">Mexico</subfield>
    <subfield code="z">Hidalgo (State)</subfield>
  </datafield>
  <datafield tag="650" ind1=" " ind2="0">
    <subfield code="a">Mines and mineral resources</subfield>
    <subfield code="z">Mexico</subfield>
    <subfield code="z">Hidalgo (State)</subfield>
  </datafield>
  <datafield tag="650" ind1=" " ind2="0">
    <subfield code="a">Water-supply</subfield>
    <subfield code="z">Mexico</subfield>
    <subfield code="z">Hidalgo (State)</subfield>
  </datafield>
  <datafield tag="700" ind1="2" ind2=" ">
    <subfield code="a">Bl&#xE1;squez Lopez, Luis,</subfield>
    <subfield code="d">1900-</subfield>
  </datafield>
  <datafield tag="700" ind1="1" ind2=" ">
    <subfield code="a">M&#xFC;llerried, Friedrich Karl Gustav,</subfield>
    <subfield code="d">1891-</subfield>
  </datafield>
  <datafield tag="700" ind1="1" ind2=" ">
    <subfield code="a">Flores, Teodoro.</subfield>
  </datafield>
  <datafield tag="700" ind1="2" ind2=" ">
    <subfield code="a">Lozano Garcia, Ra&#xFA;l.</subfield>
  </datafield>
  <datafield tag="700" ind1="2" ind2=" ">
    <subfield code="a">Ortiz Mena, Rafael.</subfield>
  </datafield>
  <datafield tag="710" ind1="2" ind2=" ">
    <subfield code="a">Comisi&#xF3;n geol&#xF3;gia del Valle del Mezquital, Hidalgo.</subfield>
  </datafield>
  <datafield tag="999" ind1=" " ind2=" ">
    <subfield code="c">27536</subfield>
    <subfield code="d">27536</subfield>
  </datafield>
</record>
